|
|
|
|
| LEADER |
00000cab a2200000 a 4500 |
| 003 |
Ucuenca |
| 005 |
20230308202103.0 |
| 008 |
993071| ||||||||r|||||||||||spa|| |
| 022 |
|
|
|a 0251-3552
|
| 040 |
|
|
|b spa
|
| 041 |
1 |
|
|a spa
|
| 082 |
0 |
|
|a 320.05
|b N89n
|
| 100 |
1 |
|
|a Fuentes, Marta
|9 201709
|
| 245 |
|
|
|a Feminismo y movimientos populares de mujeres en América Latina
|c Marta Fuentes
|h imp
|
| 264 |
|
|
|a Caracas
|b Nueva Sociedad
|c marzo-abril 1992
|
| 300 |
|
|
|a páginas: 55-60
|
| 362 |
|
|
|a no. 118 (marzo-abril 1992)
|
| 650 |
1 |
|
|a Organizaciones femeninas
|9 40064
|
| 650 |
1 |
0 |
|a Partido político
|9 1134
|
| 650 |
1 |
|
|a Revista nueva sociedad
|9 176439
|
| 650 |
1 |
0 |
|a América Latina
|9 878
|
| 852 |
|
|
|a UC-CDJBV
|f Compra
|l 1
|m General
|p 19930716
|q 4500.00
|r 2
|b 0
|d CDRC
|e CDRC
|g 320.05 N89n TERCER PISO (SECCION REVISTAS)
|z 1993-30-71
|
| 942 |
|
|
|c SERA
|
| 773 |
0 |
|
|0 151286
|9 135421
|a Nueva Sociedad
|d Caracas Nueva Sociedad Marzo-abril 1992
|o 87094
|t Nueva Sociedad
|x 0251-3552
|
| 773 |
0 |
|
|0 151286
|9 135421
|a Nueva Sociedad
|d Caracas Nueva Sociedad Marzo-abril 1992
|o 87094
|t Nueva Sociedad
|x 0251-3552
|
| 999 |
|
|
|c 100226
|d 100226
|